|
|
|
|
| LEADER |
00000nam0a2200000 4500 |
| 001 |
33722 |
| 005 |
20231030215916.0 |
| 035 |
|
|
|a (RuTPU)RU\TPU\book\34088
|
| 035 |
|
|
|a BOOK00000739
|
| 090 |
|
|
|a 33722
|
| 100 |
|
|
|a 20011210d1976 km y0 y50 ca
|
| 101 |
0 |
|
|a rus
|
| 102 |
|
|
|a RU
|
| 105 |
|
|
|a a z 001zy
|
| 200 |
1 |
|
|a Эксплуатация изоляторов высокого напряжения
|f В. Д. Абрамов, М. В. Хомяков
|
| 210 |
|
|
|a Москва
|c Энергия
|d 1976
|
| 215 |
|
|
|a 264 с.
|c ил.
|
| 320 |
|
|
|a Библиогр.: с. 255-260.
|
| 610 |
1 |
|
|a высокие напряжения
|
| 610 |
1 |
|
|a техника
|
| 610 |
1 |
|
|a электроизоляторы высоковольтные
|
| 610 |
1 |
|
|a эксплуатация
|
| 675 |
|
|
|a 621.315.62
|v 3
|
| 700 |
|
1 |
|a Абрамов
|b В. Д.
|g Вячеслав Дмитриевич
|
| 701 |
|
1 |
|a Хомяков
|b М. В.
|g Михаил Васильевич
|
| 801 |
|
0 |
|a RU
|b 63413507
|c 20011210
|g PSBO
|
| 801 |
|
2 |
|a RU
|b 63413507
|c 20170228
|g PSBO
|
| 900 |
|
|
|a Техника высоких напряжений
|
| 900 |
|
|
|a Диагностика изоляции высоковольтного оборудования
|
| 900 |
|
|
|a Технология и эксплуатация изоляции электроэнергетического оборудования
|
| 942 |
|
|
|c BK
|